Statistics for One-Name Singers Quiz #3

Click here to take the quiz!

General Stats

  • This quiz has been taken 46 times
  • The average score is 8 of 20

Answer Stats

SongsSinger% Correct
Like a Prayer | VogueMadonna
96%
Hips Don't Lie | Waka WakaShakira
93%
Hello | Someone Like YouAdele
91%
Kiss From a Rose | Stand By MeSeal
80%
Tik Tok | We R Who We RKesha
62%
Orinoco Flow | Only TimeEnya
60%
Yeah! / Love in this ClubUsher
58%
The Motto | God's PlanDrake
51%
Take Me to Church | Someone NewHozier
38%
Truth Hurts | JuiceLizzo
33%
It's Oh So Quiet | Pagan PoetryBjörk
33%
Dusk Till Dawn | PILLOWTALKZayn
33%
The Way I Are | Give It to MeTimbaland
27%
Rock the Boat | Try AgainAaliyah
22%
Como La Flor | I Could Fall in LoveSelena
18%
BEBE | GOOBA6ix9ine
11%
Life Is Good | Bum Bum Tam TamFuture
9%
Hawái | ChantajeMaluma
7%
Dudu | Kiss KissTarkan
4%
Inndia | More Than FriendsInna
4%

Score Distribution

Percentile by Number Answered

Percent of People with Each Score

Your Score History

You have not taken this quiz